| 000 | 00783nam a2200229 i 4500 | ||
|---|---|---|---|
| 001 | bg | ||
| 003 | KOSZ 005 | ||
| 005 | 20210215145619.0 | ||
| 008 | s pl f |000 0 pol | ||
| 040 | _cBPK | ||
| 041 | _apol | ||
| 046 | _k1978 | ||
| 080 | _a628.3 | ||
| 080 | _a(06) | ||
| 245 | 0 |
_aWysokoefektywne metody oczyszczania ścieków : _b(materiały na międzynarodową konferencję naukową). _nT.1 / _cPolitechnika Krakowska im. Tadeusza Kościuszki. |
|
| 260 |
_aKraków, _c1978. |
||
| 650 | 9 | _aŚcieki | |
| 655 | _aMateriały konferencyjne | ||
| 710 | 2 | _aPolitechnika Krakowska im. Tadeusza Kościuszki | |
| 856 |
_uhttp://koha.tu.koszalin.pl/cgi-bin/koha/opac-detail.pl?biblionumber=116 _yKatalog online BPK |
||
| 942 |
_cKS _2UKD |
||
| 999 |
_c116 _d116 |
||